000 00373nam a2200121Ia 4500
008 220216s9999 xx 000 0 und d
245 0 _aGoodyear introduces new underground conveyor belt and affirms its EMT runflat tires are #1 worldwide
260 _bRubber International Magazine
_c2002
300 _a49-50
650 _aConveyor belt
650 _aGoodyear
942 _cJS
999 _c60025
_d60025